Mechanics of materials : (Record no. 182803)
[ view plain ]
| 000 -LEADER | |
|---|---|
| fixed length control field | 00889 a2200205 4500 |
| 003 - CONTROL NUMBER IDENTIFIER | |
| control field | Nust |
| 005 - DATE AND TIME OF LATEST TRANSACTION | |
| control field | 20221020191908.0 |
| 010 ## - LIBRARY OF CONGRESS CONTROL NUMBER | |
| LC control number | 76018470 |
| 020 ## - INTERNATIONAL STANDARD BOOK NUMBER | |
| International Standard Book Number | 0395249937 |
| 040 ## - CATALOGING SOURCE | |
| Transcribing agency | Nust |
| 082 00 - DEWEY DECIMAL CLASSIFICATION NUMBER | |
| Classification number | 620.112,HOR |
| 100 ## - MAIN ENTRY--PERSONAL NAME | |
| Personal name | Hornsey |
| 9 (RLIN) | 101063 |
| 245 00 - TITLE STATEMENT | |
| Title | Mechanics of materials : |
| Remainder of title | an individualized approach / |
| Statement of responsibility, etc. | Edward Hornsey ... [et al.]. |
| 260 ## - PUBLICATION, DISTRIBUTION, ETC. | |
| Place of publication, distribution, etc. | Boston : |
| Name of publisher, distributor, etc. | Houghton Mifflin, |
| Date of publication, distribution, etc. | c1977- |
| 300 ## - PHYSICAL DESCRIPTION | |
| Extent | 258p |
| Other physical details | ill. ; |
| Dimensions | 24 cm. |
| 505 ## - FORMATTED CONTENTS NOTE | |
| Formatted contents note | Uniform Stress And Strain (Page-1), Stress And Strain Transformation (Page-25), Torsion (Page-67), Stresses In Beams (Page-84), Lateral Deflections Of Beams (Page-109), Combined Loading (Page-128), Statically Indeterminate Structures (Page-137), Inelastic Actions (Page-152), Energy Method (Page-171), Stability Of Elastic Columns (Page-188). |
| 650 #0 - SUBJECT ADDED ENTRY--TOPICAL TERM | |
| Topical term or geographic name entry element | Mechanics, Applied. |
| 700 1# - ADDED ENTRY--PERSONAL NAME | |
| Personal name | Hornsey, Edward. |
| 9 (RLIN) | 101064 |
| 942 ## - ADDED ENTRY ELEMENTS (KOHA) | |
| Source of classification or shelving scheme | |
| Koha item type | Book |
| Withdrawn status | Lost status | Source of classification or shelving scheme | Damaged status | Not for loan | Permanent Location | Current Location | Shelving location | Date acquired | Full call number | Barcode | Date last seen | Price effective from | Koha item type | Public note | Total Checkouts |
|---|---|---|---|---|---|---|---|---|---|---|---|---|---|---|---|
| Military College of Signals (MCS) | Military College of Signals (MCS) | General Stacks | 12/12/2016 | 620.112,HOR | MCS6149 | 12/08/2016 | 12/12/2016 | Book | Almirah No.27, Shelf No.4 | ||||||
| Military College of Signals (MCS) | Military College of Signals (MCS) | General Stacks | 10/20/2022 | 620.112,HOR | MCS6154 | 10/20/2022 | 10/20/2022 | Book | Almirah No.27, Shelf No.4 |
